[Event "Edmonton Ottosen op"]
[Site "Edmonton"]
[Date "2008.08.21"]
[Round "3"]
[White "Yamach, Ahmet"]
[Black "Mrugala, Jonathan"]
[Result "0-1"]
[WhiteElo "1940"]
[BlackElo "1736"]
[PlyCount "56"]
[EventDate "2008.08.07"]
[EventType "swiss"]
[EventRounds "4"]
[EventCountry "CAN"]
[SourceTitle "EXT 2011"]
[Source "ChessBase"]
[SourceDate "2010.11.26"]
[SourceVersion "1"]
[SourceVersionDate "2010.11.26"]
[SourceQuality "1"]

1. c4 Nf6 2. d4 c5 3. d5 d6 4. Nc3 g6 5. Qc2 Bg7 6. f3 0-0 7. e4 Nbd7 8. Bd3 a6 9. a4 Rb8 10. Nge2 Ne5 11. Kf2 Nxd3+ 12. Qxd3 Nd7 13. b3 Ne5 14. Qc2 f5 15. Bb2 fxe4 16. Nxe4 Bf5 17. Bxe5 Bxe5 18. Rad1 b5 19. axb5 axb5 20. Rb1 e6 21. g3 exd5 22. cxd5 Qe7 23. Kg2 Qf7 24. Rhd1 Rbe8 25. Qd3 Bxe4 26. Qxe4 Bxg3 27. Qd3 c4 28. bxc4 bxc4 0-1

[Event "Canadian op"]
[Site "Edmonton"]
[Date "2005.07.13"]
[Round "6"]
[White "Mrugala, Jonathan"]
[Black "Greber, Caitlin"]
[Result "1-0"]
[WhiteElo "1367"]
[BlackElo "1060"]
[PlyCount "69"]
[EventDate "2005.07.09"]
[EventType "swiss"]
[EventRounds "10"]
[EventCountry "CAN"]
[SourceTitle "CBM 107 Extra"]
[Source "ChessBase"]
[SourceDate "2005.09.01"]
[SourceVersion "1"]
[SourceVersionDate "2005.09.01"]
[SourceQuality "1"]

1. d4 d5 2. c4 dxc4 3. Nc3 Nc6 4. Nf3 Nf6 5. e4 e6 6. Bxc4 Bb4 7. Bd3 0-0 8. Qc2 Qe8 9. 0-0 e5 10. d5 Nd4 11. Nxd4 exd4 12. Nb5 Bd6 13. Nxd4 c5 14. Nf3 a6 15. e5 Bxe5 16. Re1 Nd7 17. Bxh7+ Kh8 18. Bd3 b5 19. Nxe5 Nxe5 20. Qxc5 Qd8 21. Rxe5 Re8 22. Qd4 f6 23. Qh4+ Kg8 24. Qh7+ Kf8 25. Rxe8+ Qxe8 26. Qh8+ Kf7 27. Bg6+ Ke7 28. Qxe8+ Kd6 29. Bf5 Kc7 30. h3 Kb7 31. Bxc8+ Rxc8 32. Qe4 Kc7 33. Bf4+ Kd7 34. Qe6+ Kd8 35. Re1 1-0

[Event "Canadian op"]
[Site "Edmonton"]
[Date "2005.07.10"]
[Round "2"]
[White "Masson, Richard"]
[Black "Mrugala, Jonathan"]
[Result "1-0"]
[WhiteElo "1712"]
[BlackElo "1367"]
[PlyCount "79"]
[EventDate "2005.07.09"]
[EventType "swiss"]
[EventRounds "10"]
[EventCountry "CAN"]
[SourceTitle "CBM 107 Extra"]
[Source "ChessBase"]
[SourceDate "2005.09.01"]
[SourceVersion "1"]
[SourceVersionDate "2005.09.01"]
[SourceQuality "1"]

1. e4 c6 2. Nf3 d5 3. exd5 cxd5 4. d4 Nc6 5. Bb5 Qa5+ 6. Nc3 Bd7 7. 0-0 a6 8. Ba4 Nf6 9. Re1 e6 10. Bb3 Bd6 11. Bg5 Be7 12. Bxf6 Bxf6 13. Nxd5 Bd8 14. Ne5 Nxe5 15. Rxe5 b5 16. c4 0-0 17. Nc3 Bf6 18. Re3 Bg5 19. Re4 bxc4 20. Bxc4 Qc7 21. Bd3 f5 22. Re2 Rad8 23. d5 e5 24. Bxa6 Qb6 25. Bc4 Bf6 26. d6+ Kh8 27. a4 Be8 28. Rd2 Bg5 29. Rd5 f4 30. Nb5 Bh4 31. Qd2 Rf6 32. Rxe5 Bxb5 33. Bxb5 Rfxd6 34. Rae1 h6 35. Qxf4 Bg5 36. Re8+ Rxe8 37. Rxe8+ Kh7 38. Qf5+ Rg6 39. Bd3 Bf6 40. Qxg6# 1-0